|
|
|
|
| LEADER |
00000cam a2200000 a 4500 |
| 001 |
005623 |
| 003 |
UAHC_CL |
| 005 |
20170803120144.0 |
| 008 |
091016s1988 pe a 000 spa |
| 040 |
|
|
|a UAHC_CL
|c UAHC_CL
|d UAHC_CL
|
| 082 |
0 |
4 |
|a 305.885
|b V144
|2 20
|
| 100 |
1 |
|
|a Valderrama Fernández, Ricardo
|
| 245 |
1 |
0 |
|a Del Tata Mallku a la Mama Pacha :
|b riego, sociedad y ritos en los Andes peruanos /
|c Ricardo Valderrama, Carmen Escalante.
|
| 246 |
2 |
|
|a Riego, sociedad y ritos en los Andes peruanos
|
| 260 |
|
|
|b Desco
|a Lima
|c 1988
|
| 300 |
|
|
|a 243 p.
|b il.
|
| 650 |
|
4 |
|a INDIOS DE PERU
|x RITOS Y CEREMONIAS
|
| 650 |
|
4 |
|a Agua
|x Aspectos religiosos
|
| 650 |
|
4 |
|a ETNOLOGIA
|z REGION ANDINA
|
| 653 |
|
|
|a ANTROPOLOGIA
|
| 700 |
1 |
|
|a Escalante Gutierrez, Carmen
|
| 900 |
|
|
|a 305.885 VAL
|
| 942 |
|
|
|c BK
|
| 952 |
|
|
|0 0
|1 0
|4 0
|6 305_885000000000000_VAL
|7 0
|8 General
|9 12206
|a BC
|b BC
|c General
|d 2017-08-03
|l 0
|o 305.885 VAL
|p 1374861
|r 2026-01-13 00:00:00
|t 1
|w 2017-08-03
|y BK
|
| 999 |
|
|
|c 5623
|d 5623
|